00885nam a2200205 a 450000100100000000500170001000800410002704000250006808200220009310000290011524500730014425000110021726000710022830000210029950000660032059000740038604900090046095201930046999900170066200003494320200930074012.0111021s1959 bl 000 0 spa d aDO-SdBNPbspacBNPHU axxxxbC791f, 19591 aCorbisier, Roland96052010aFormaçâo e problema da cultura brasileira / :bRoland Corbisier. a2a ed. aRio de Janeiro :bInstituto Superior de Estudos Brasileros,c1959. a103 p. ;c22 cm. aIncluye referencias bibliográficas al pie de las páginas. aPerteneció a la biblioteca personal de Juan Isidro Jimenes Grulón aBNGR 001050718MOaGRbGRcCTd2011-10-21iLF1l0oxxxx C791f, 1959p34943-10r2020-06-25w2020-06-25y1zPerteneció a la biblioteca personal de Juan Isidro Jimenes GrullónZNo se presta c34434d34434